Statystyki dla Quiz o województwie pomorskim

Kliknij tutaj aby rozwiązać quiz!

Ogólne statystyki

  • Ten quiz został rozwiązany 3 209 razy
    (3 197 od ostatniego zresetowania)
  • Średni wynik to 7 z 15

Statystyki odpowiedzi

PytanieOdpowiedź% Poprawnych
StolicaGdańsk
100%
Sąsiadujące państwoRosja
85%
Państwo germańskie, które zajmowało Zamek w Malborku przez długi okres czasuZakon Krzyżacki
72%
Miejsce kojarzone z rozpoczęciem II wojny światowej oraz heroiczną walką polskich żołnierzyWesterplatte
70%
Znajdujący się w obrębie województwa region kulturowy cechujący się posiadaniem własnego językaKaszuby
69%
Park narodowy położony w okolicy Łeby, w którym znaleźć można charakterystyczne wydmy piaskoweSłowiński Park Narodowy
48%
Polityk pochodzący z największego miasta w województwie, który sprawował urząd premiera przez najdłuższy okres czasu w historii III RPDonald Tusk
42%
Wysunięta najbardziej na północ miejscowość województwa oraz całej PolskiJastrzębia Góra
42%
Piaszczysta kosa o długości 35km, położona w powiecie puckimMierzeja Helska
38%
Największy powiat pod względem wielkości powierzchnisłupski
37%
Powiat z rejestracjami samochodowymi GKSkościerski
33%
Generał, który w 1920 roku dokonał w Pucku symbolicznych zaślubin Polski z morzemJózef Haller
30%
Największe jezioroŁebsko
30%
Reprezentacyjny plac, na którym znajduje się Fontanna NeptunaDługi Targ
17%
WojewodaBeata Rutkiewicz
10%

Rozkład punktacji

Percentyl według liczby udzielonych odpowiedzi

Procent ludzi z każdym wynikiem

Twoja historia wyników

Nie rozwiązałeś tego quizu od ostatniego zresetowania